Cuba: arte contemporáneo = contemporary art.
Spremljeno u:
| Glavni autor: | |
|---|---|
| Daljnji autori: | |
| Format: | Nepoznato |
| Jezik: | engleski |
| Izdano: |
Madrid, España:
CEIBA; Turner,
2012
|
| Teme: | |
| Oznake: |
Dodaj oznaku
Bez oznaka, Budi prvi tko označuje ovaj zapis!
|
MARC
| LEADER | 00000 a2200000 4500 | ||
|---|---|---|---|
| 003 | CL-VaPUC | ||
| 005 | 20220421170422.0 | ||
| 008 | 220412b2012 ||||| |||| 00| 0 eng d | ||
| 999 | |c 435374 |d 435372 | ||
| 020 | |a 978-84-7506-952-4 | ||
| 040 | |c Pontificia Universidad Católica de Valparaíso | ||
| 082 | 7 | |a 709.7291 SOS 2012 |2 22 | |
| 100 | 1 | |a Sosa Fernández, Sandra |9 868329 |e textos | |
| 245 | 1 | |a Cuba: arte contemporáneo = |b contemporary art. | |
| 260 | |a Madrid, España: |b CEIBA; |b Turner, |c 2012 | ||
| 300 | |a 285 páginas; ilustraciones | ||
| 546 | |a En Español e Inglés | ||
| 583 | |k Catalogador Asistente |c 20220412 | ||
| 650 | |a Arte cubano |y Siglo 21 |9 868462 | ||
| 650 | |a Arte y diseño |z Cuba |9 868463 | ||
| 650 | 0 | |a Arte contemporáneo |9 338008 |z Cuba | |
| 700 | |a Vázquez, Darys |e textos |9 868428 | ||
| 942 | |2 ddc |c BK | ||
| 952 | |0 0 |1 0 |2 ddc |4 0 |6 709_729100000000000_SOS_2012 |7 0 |8 R |9 582570 |a BIBART |b BIBART |c RES |d 2022-04-12 |e 11 |g 39499.67 |i 5650753 |l 2 |o 709.7291 SOS 2012 |p 5650753 |r 2025-03-13 |s 2023-08-17 |t 1 |v 39499.67 |w 2022-04-12 |y BK_R |k ART | ||